书目信息 |
| 题名: |
危重急症的诊断与治疗:妇产科学
|
|
| 作者: | 王德炳 , 张树基 主编 | |
| 分册: | ||
| 出版信息: | 北京 中国科学技术出版社 1995.05 |
|
| 页数: | 432页 | |
| 开本: | 16开 | |
| 丛书名: | ||
| 单 册: | ||
| 中图分类: | R710.597 | |
| 科图分类: | ||
| 主题词: | 妇科学 , 产科学 , 妇产科 , 妇产科病 | |
| 电子资源: | ||
| ISBN: | 7-5046-1237-5 | |
| 000 | 00722nam0 2200241 45 | |
| 001 | 0008021078 | |
| 005 | 20000802100426.6 | |
| 010 | @a7-5046-1237-5@d48.00元 | |
| 100 | @a20000802d1995 km y0chiy0120 ea | |
| 101 | 0 | @achi |
| 105 | @a z 000yy | |
| 200 | 1 | @a危重急症的诊断与治疗:妇产科学@AWei Zhong Ji Zheng De Zhen Duan Yu Zhi Liao:Fu Chan Ke Xue@f王德炳,张树基主编@FWang De Bing,Zhang Shu Ji Zhu Bian |
| 210 | @a北京@c中国科学技术出版社@d1995.05 | |
| 215 | @a432页@d16开 | |
| 606 | 0 | @a妇科学 |
| 606 | 0 | @a产科学 |
| 606 | 0 | @a妇产科 |
| 606 | 0 | @a妇产科病 |
| 690 | @aR710.597@v3 | |
| 701 | 0 | @a王德炳@4主编 |
| 701 | 0 | @a张树基@4主编 |
| 801 | @aCN@bPftUser@c20000802 | |
| 905 | @b84402-403@dR710.597@eL904@f2 | |
| 危重急症的诊断与治疗:妇产科学/王德炳,张树基主编.-北京:中国科学技术出版社,1995.05 |
| 432页;16开 |
| ISBN 7-5046-1237-5:48.00元 |
| ● |
| 相关链接 |
|
|
|
正题名:危重急症的诊断与治疗:妇产科学
索取号:R710.597/L904
 
预约/预借
| 序号 | 登录号 | 条形码 | 馆藏地/架位号 | 状态 | 备注 |
| 1 | 84402 | 200844024 | 自科库401/401自科库 20排1列2层/ [索取号:R710.597/L904] | 在馆 | |
| 2 | 84403 | 200844033 | 自科库401/ [索取号:R710.597/L904] | 在馆 |